000 00520nam a22001577a 4500
999 _c60566
_d60566
005 20230906123349.0
008 230906s1972 gw ||||| |||| 00| 0 ger d
041 _ager
080 _a902/904 M-92
100 _aMüller, Werner
_919777
245 _aTroja - wiederentdeckung der jahrtausende /
_cWerner Müller.
264 _aLeipzig,
_c1972.
300 _a154 p. :
_bill.;
_c24 cm.
653 _aტროა - ათასწლეულების ხელახალი აღმოჩენა
942 _2udc
_cBK